| 000 | 00823nam a2200253 i 4500 | ||
|---|---|---|---|
| 001 | 73349 | ||
| 003 | ES-MaACL | ||
| 005 | 20230906171753.0 | ||
| 007 | t| | ||
| 008 | 040930s1990 sp ac |||| | spa d | ||
| 020 | _a84-87035-11-6 | ||
| 080 | _a74 García Lorca, Federico | ||
| 100 | 1 |
_aGarcía Lorca, Federico, _d1898-1936 _954853 |
|
| 245 | 1 | 0 |
_aOcho autorretratos / _cFederico García Lorca. |
| 260 |
_a[Málaga] : _bFundación Pablo Ruiz Picasso : _bAyuntamiento de Málaga, _c1990. |
||
| 300 |
_a20 p. : _bil. ; _c28 cm. |
||
| 490 | 1 |
_aÁlbum ; _v11 |
|
| 600 | 1 | 7 |
_aGarcía Lorca, Federico, _d1898-1936- _xDibujo _2 _9170064 |
| 710 | 2 |
_aFundación Picasso. _94377 |
|
| 710 | 1 |
_aMálaga. _bAyuntamiento. _95634 |
|
| 830 | 0 |
_aÁlbum ; _v11 _9183397 |
|
| 852 |
_aES-MaACL _j2182-F-15 |
||
| 999 |
_c73349 _d73349 |
||